000
00333nam a2200169Ia 4500
100
_a
Jawaharlal Nehru
650
_a
Fiction
942
_c
BK
366
_f
20
654
_a
india
245
_a
Discovery of India
260
_b
Penquin books
_c
2004
082
_a
323.44/NEH
300
_a
642
546
_a
ENGLISH
999
_c
17793
_d
17793